[Event "RSA-ch U14"]
[Site "Bloemfontein"]
[Date "2016.03.20"]
[Round "1"]
[White "Malan, Jacques"]
[Black "Prithipal, Abhay"]
[Result "1-0"]
[WhiteElo "1450"]
[BlackElo "1233"]
[PlyCount "55"]
[EventDate "2016.03.20"]
[EventType "swiss"]
[EventRounds "11"]
[EventCountry "RSA"]
[SourceTitle "CBM 171 Extra"]
[Source "ChessBase"]
[SourceDate "2016.04.26"]
[SourceVersion "1"]
[SourceVersionDate "2016.04.26"]
[SourceQuality "1"]

1. e4 e6 2. d4 d5 3. e5 c5 4. c3 Nc6 5. Nf3 Bd7 6. Be2 Qb6 7. a3 c4 8. 0-0 h6 9. Qe1 Nge7 10. Bd1 Na5 11. Nbd2 Bb5 12. Kh1 Nf5 13. Bc2 Ne7 14. Qe3 Qc6 15. a4 Ba6 16. Re1 b5 17. axb5 Qc7 18. bxa6 Nc8 19. b4 cxb3 20. Bxb3 Be7 21. Ba4+ Nc6 22. Bxc6+ Qxc6 23. c4 dxc4 24. Ba3 Bd8 25. Qe4 Qxe4 26. Nxe4 Nb6 27. Nd6+ Ke7 28. Nxc4+ 1-0